000 00614nam a2200193Ia 4500
005 20250508155441.0
008 008 250505s9999 xx 000 0 eng d
037 _aBooks to be hide in OPAC
040 _aFEDL
_beng
_cFEDL
041 _aeng
_2eng
084 _a370.7, UNI/O
_qFEDL
100 _aTwiford Don D
_9767000
245 0 _aInservice education for school counselors : A national conference point of view
245 0 _cU S Department of Health, Education, and Welfare
300 _a16p.
700 _a Sievers Frank L
_9767001
942 _cHB
_h370.7, UNI/O
999 _c1357009
_d1357009